LIBRARY & INFORMATION CENTRE, KCAET, TAVANUR

ONLINE PUBLIC ACCESS CATALOGUE (OPAC)

Text book of Chemical Technology, Vol I / (Record no. 1517)

MARC details
000 -LEADER
fixed length control field 00311cam a2200121ua 4500
082 ## - DEWEY DECIMAL CLASSIFICATION NUMBER
Classification number 660
Item number PAN/TE
100 ## - MAIN ENTRY--AUTHOR NAME
Personal name Pandey, G.N .
245 ## - TITLE STATEMENT
Title Text book of Chemical Technology, Vol I /
250 ## - EDITION STATEMENT
Edition statement 2 /
260 ## - PUBLICATION, DISTRIBUTION, ETC. (IMPRINT)
Place of publication New Delhi :
Name of publisher Vikas Publishing house pvt ltd ,
Year of publication 1994.
300 ## - PHYSICAL DESCRIPTION
Number of Pages 425 ; .
942 ## - ADDED ENTRY ELEMENTS (KOHA)
Koha item type Books
Holdings
Withdrawn status Lost status Damaged status Home library Current library Date acquired Full call number Accession Number Koha item type
      KAUAET KAUAET 07/04/2012 660 18431 Books
free website counter